[Event "WYg18"]
[Site "Kemer TUR"]
[Date "2007.11.22"]
[Round "5"]
[White "Perrusset,B"]
[Black "Manelidou,M"]
[Result "1-0"]
[WhiteElo "1864"]
[BlackElo "1933"]

1.d4 e6 2.c4 Nf6 3.Nf3 Bb4+ 4.Bd2 Qe7 5.Qc2 Nc6 6.a3 Bxd2+ 7.Nbxd2 O-O 8.e3 d6
9.Be2 e5 10.d5 Nb8 11.O-O Bg4 12.e4 Nbd7 13.b4 Nh5 14.Rfe1 f5 15.h3 Qf6 16.exf5 Bxf5
17.Bd3 g6 18.Ne4 Bxe4 19.Bxe4 b6 20.Qd2 Nf4 21.Kh2 Qe7 22.Rac1 a5 23.Rc3 axb4
24.axb4 Ra4 25.Rc2 Qd8 26.g3 Nh5 27.Ng5 Ng7 28.Rb2 Ra3 29.Rbb1 Nf6 30.Bg2 Qd7
31.Ra1 Rfa8 32.Qb2 R3a4 33.f4 Qf5 34.fxe5 Rxa1 35.Rxa1 Rxa1 36.Qxa1 dxe5
37.Qa8+ Nfe8 38.Ne6 Nxe6 39.Qxe8+ Nf8 40.Qe7 Qd3 41.Qxe5 Qxc4 42.d6 c6 43.Qe8 Qe6
44.Qxc6 Qd7  1-0

[Event "20th Belgrade Trophy"]
[Site "Belgrade SRB"]
[Date "2007.11.23"]
[Round "2"]
[White "Pantic,I"]
[Black "Vasiesiu,D"]
[Result "1-0"]
[WhiteElo "2192"]
[BlackElo "2402"]

1.d4 Nf6 2.c4 e6 3.Nf3 Bb4+ 4.Bd2 c5 5.g3 O-O 6.Bg2 Nc6 7.O-O Qa5 8.Bg5 cxd4
9.Bxf6 gxf6 10.Nxd4 Nxd4 11.Qxd4 Qe5 12.Qxe5 fxe5 13.a3 Be7 14.Nc3 d6 15.b4 f5
16.Rfd1 a6 17.Na4 e4 18.Nb6 Rb8 19.f3 exf3 20.Bxf3 Bf6 21.Rab1 Be5 22.e3 Rf7
23.a4 Rc7 24.a5 Kf7 25.Kg2 Ke7 26.e4 f4 27.Be2 Bd7 28.g4 Be8 29.h4 h6 30.h5 Bf7
31.Kf3 Rg8 32.Rd3 Be8 33.Re1 Kf6 34.Rdd1 Rcg7 35.Kf2 Bc6 36.Bf3 Rxg4 37.b5 axb5
38.cxb5 Bxb5 39.Bxg4 Rxg4  1-0

[Event "20th Belgrade Trophy"]
[Site "Belgrade SRB"]
[Date "2007.11.23"]
[Round "2"]
[White "Dzunic,V"]
[Black "Nestorovic,De"]
[Result "0-1"]
[WhiteElo "2031"]
[BlackElo "2403"]

1.d4 Nf6 2.c4 e6 3.Nf3 Bb4+ 4.Bd2 Qe7 5.a3 Bxd2+ 6.Nbxd2 d6 7.g3 e5 8.dxe5 dxe5
9.e3 e4 10.Nd4 c5 11.Nb5 O-O 12.Bg2 Bf5 13.Nc3 Re8 14.Qc2 Bg6 15.O-O Nc6
16.Ne2 Rad8 17.Nb1 Ne5 18.Nf4 Bf5 19.Nd5 Nxd5 20.cxd5 Rxd5 21.Nc3 Rd7 22.Qa4 Nd3
23.Rab1 a6 24.Rfd1 Rd6 25.Qc2 b5 26.h3 h5 27.Kh2 Qe5 28.Ne2 h4 29.Nf4 g5
30.Nxd3 exd3 31.Qc3 hxg3+ 32.fxg3 Qxc3 33.bxc3 Rxe3  0-1

[Event "WYg18"]
[Site "Kemer TUR"]
[Date "2007.11.24"]
[Round "7"]
[White "Nadeau,G"]
[Black "Manelidou,M"]
[Result "0-1"]
[WhiteElo "1653"]
[BlackElo "1933"]

1.d4 e6 2.c4 Nf6 3.Nf3 Bb4+ 4.Bd2 Qe7 5.e3 O-O 6.Bd3 Nc6 7.O-O Bxd2 8.Nbxd2 d6
9.a3 e5 10.Qc2 Bg4 11.d5 Nb8 12.b4 Nbd7 13.Rac1 b6 14.Ne1 a5 15.f3 Bh5 16.b5 Nc5
17.e4 Bg6 18.Nb3 Nxb3 19.Qxb3 Nh5 20.Bb1 Qg5 21.Nd3 f5 22.Rce1 fxe4 23.fxe4 Rxf1+
24.Kxf1 Qh4 25.Kg1 Bxe4 26.Qd1 Bg6 27.Nb2 Bxb1 28.Qxb1 Rf8 29.Re2 Rf6 30.Qd1 Nf4
31.Rc2 Rh6 32.g3 Nh3+ 33.Kf1 Rf6+ 34.Ke1 Qg5 35.Re2 Ng1 36.Re4 Qf5 37.Qc2 Qf1+
38.Kd2 Rf2+  0-1

[Event "WYb16"]
[Site "Kemer TUR"]
[Date "2007.11.24"]
[Round "7"]
[White "Hambleton,A"]
[Black "Aydogdu,A"]
[Result "0-1"]
[WhiteElo "1819"]
[BlackElo "1957"]

1.d4 Nf6 2.c4 e6 3.Nf3 Bb4+ 4.Bd2 Qe7 5.a3 Bxd2+ 6.Nbxd2 d6 7.e3 e5 8.dxe5 dxe5
9.Qc2 O-O 10.Be2 e4 11.Ng5 Bf5 12.g4 Nxg4 13.Bxg4 Bxg4 14.Qxe4 Qxg5 15.Rg1 h5
16.h3 Nc6 17.hxg4 Rfe8 18.Qd5 Re5 19.Qd3 Rd8 20.Qc3 hxg4 21.O-O-O Re7 22.Rg2 Red7
23.f3 Rd3 24.Qc2 Qxe3 25.Rh1 g3 26.Kb1 Nd4 27.Qc1 Ne2 28.Qc2 Qxd2 29.Rxe2 Qxc2+
30.Kxc2 Rxf3 31.Rg1 Rf2 32.Rxf2 gxf2 33.Rf1 g5 34.Rxf2 Kg7  0-1

[Event "20th Belgrade Trophy"]
[Site "Belgrade SRB"]
[Date "2007.11.25"]
[Round "4"]
[White "Kahrovic,M"]
[Black "Nestorovic,De"]
[Result "0-1"]
[WhiteElo "2270"]
[BlackElo "2403"]

1.d4 Nf6 2.Nf3 e6 3.c4 Bb4+ 4.Bd2 Qe7 5.a3 Bxd2+ 6.Qxd2 d6 7.Nc3 O-O 8.e3 e5
9.d5 a5 10.Be2 Nbd7 11.O-O Nc5 12.Qc2 a4 13.Nd2 e4 14.b4 axb3 15.Nxb3 Nxb3
16.Qxb3 Re8 17.Rfd1 Qe5 18.Rd4 b6 19.Nb5 Re7 20.Qb2 Qg5 21.Kh1 Ba6 22.Nc3 Rae8
23.a4 Bc8 24.Nb5 Ng4 25.Bxg4 Bxg4 26.Qb1 Be2 27.Qe1 Bd3 28.Ra2 Ra8 29.Nc3 Ra5
30.f4 Qg4 31.h3 Qd7 32.Qd1 Re8 33.Rf2 f5 34.Kh2 Rc5 35.Qb3 Qc8 36.Nb5 Qa6
37.Ra2 Qa5 38.Nc3 Qa6 39.Nb5 Qa5 40.Nc3 Ra8 41.g4 Qa6 42.Nb5 Bxc4 43.Rxc4 Rxb5
44.Qc3 Rc5 45.Rxc5 bxc5 46.gxf5 Qd3 47.Qe1 Qxd5 48.Qa1 Qxf5 49.Rg2 Qd7 50.a5 d5
51.Qe5 Rxa5 52.Rxg7+ Qxg7 53.Qxd5+ Qf7 54.Qd8+ Qf8 55.Qd5+ Kg7 56.Qe5+ Kg6
57.Qxe4+ Qf5 58.Qc6+ Qf6 59.Qe8+ Kh6  0-1

[Event "WYb16"]
[Site "Kemer TUR"]
[Date "2007.11.26"]
[Round "9"]
[White "Rajesh,VA"]
[Black "Aydogdu,E"]
[Result "1-0"]
[WhiteElo "2189"]
[BlackElo "1994"]

1.d4 Nf6 2.c4 e6 3.Nf3 Bb4+ 4.Bd2 Qe7 5.a3 Bxd2+ 6.Nbxd2 d6 7.e4 e5 8.Bd3 O-O
9.O-O Nbd7 10.Re1 Re8 11.d5 c5 12.dxc6 bxc6 13.b4 Nf8 14.Nb3 Ng6 15.Qc2 c5
16.g3 Bg4 17.Nfd2 Qd8 18.Qc3 h5 19.f3 Bh3 20.Nf1 h4 21.Qd2 Nh7 22.Ne3 Ng5
23.Qe2 Qf6 24.Nd2 Be6 25.Nd5 Nh3+ 26.Kh1 Qg5 27.Qe3 Qh5 28.g4 Qh7 29.Bf1 Nhf4
30.h3 Kh8 31.Nb3  1-0

[Event "Open"]
[Site "Rijeka CRO"]
[Date "2007.11.27"]
[Round "4"]
[White "Ramesa,D"]
[Black "Saric,Ib"]
[Result "0-1"]
[WhiteElo "2308"]
[BlackElo "2541"]

1.d4 Nf6 2.c4 e6 3.Nf3 Bb4+ 4.Bd2 Qe7 5.e3 b6 6.Bd3 Bb7 7.O-O Bxd2 8.Nbxd2 c5
9.e4 O-O 10.e5 Ne8 11.Be4 d5 12.exd6 Nxd6 13.Bxb7 Nxb7 14.Qe2 Nc6 15.Nb3 a5
16.dxc5 bxc5 17.Ne5 Nxe5 18.Qxe5 a4 19.Nd2 Na5 20.Qc3 Nc6 21.Nf3 Rfb8 22.Rfe1 Rb4
23.a3 Rb3 24.Qc2 Rab8 25.Rad1 Qf6 26.Rd2 g6 27.h3 Rxf3 28.gxf3 Nd4 29.Rxd4 Qxd4
30.Re2 Rb3 31.Kg2 Kg7 32.Qe4 Qxe4 33.fxe4 Rd3 34.Rc2 Kf6 35.Rc3 Rxc3 36.bxc3 Ke5
37.Kf3 h5 38.Ke3 g5 39.h4 gxh4 40.f4+ Kf6 41.Kf2 e5 42.f5 Kg5  0-1

[Event "WYg16"]
[Site "Kemer TUR"]
[Date "2007.11.28"]
[Round "11"]
[White "Khazhomia,S"]
[Black "Krasnodebska,M"]
[Result "1-0"]
[WhiteElo "2168"]
[BlackElo "1996"]

1.d4 Nf6 2.c4 e6 3.Nf3 Bb4+ 4.Bd2 Qe7 5.g3 Nc6 6.Bg2 O-O 7.O-O Bxd2 8.Nbxd2 d6
9.e4 e5 10.d5 Nd8 11.Nh4 b6 12.b4 g6 13.Re1 Nb7 14.Qc2 Bd7 15.Qc3 Ne8 16.Rac1 Ng7
17.Nb3 Ba4 18.Nf3 Bxb3 19.Qxb3 f5 20.exf5 Nxf5 21.c5 bxc5 22.bxc5 Rab8 23.cxd6 cxd6
24.Nxe5 Nc5 25.Qc4 Qf6 26.Re2 Rfc8 27.Nc6 Rb7 28.Bh3 Rf8 29.Bxf5 Qxf5  1-0

[Event "Open"]
[Site "Rijeka CRO"]
[Date "2007.11.29"]
[Round "6"]
[White "Savic,Miro"]
[Black "Colpa,H"]
[Result "1-0"]
[WhiteElo "2237"]
[BlackElo "2085"]

1.d4 Nf6 2.Nf3 e6 3.c4 Bb4+ 4.Bd2 Be7 5.Nc3 d6 6.g3 c6 7.e4 Qc7 8.Bg2 Nbd7
9.O-O b6 10.Rc1 Bb7 11.d5 Nc5 12.Nd4 e5 13.Nf5 Bf8 14.Bg5 Ncd7 15.dxc6 Bxc6
16.Nb5 Bxb5 17.cxb5 Qb8 18.Rc6 a6 19.bxa6 Rxa6 20.a3 d5 21.exd5 h6 22.Qc2 Ra8
23.Rc1 Qd8 24.Bxf6 gxf6 25.d6  1-0

[Event "TCh-AUT 1st Bundesliga 2007-8"]
[Site "Baden AUT"]
[Date "2007.12.01"]
[Round "2"]
[White "Maiwald,JU"]
[Black "Babula,V"]
[Result "1/2-1/2"]
[WhiteElo "2484"]
[BlackElo "2596"]

1.d4 Nf6 2.c4 e6 3.Nf3 Bb4+ 4.Bd2 c5 5.Bxb4 cxb4 6.g3 O-O 7.Bg2 d6 8.Nbd2 a5
9.O-O Re8 10.a3 Na6 11.Ng5 Ng4 12.Nh3 Nf6 13.Ng5 Ng4 14.Nh3 Nf6 15.Nf4 Qc7
16.Rc1 Bd7 17.e3 Rac8 18.Nd3 bxa3 19.bxa3 Bc6 20.Qb3 e5 21.Bxc6  1/2-1/2

[Event "Open"]
[Site "Rijeka CRO"]
[Date "2007.12.01"]
[Round "8"]
[White "Savic,Miro"]
[Black "Zrilic,B"]
[Result "0-1"]
[WhiteElo "2237"]
[BlackElo "2079"]

1.d4 Nf6 2.c4 e6 3.Nf3 Bb4+ 4.Bd2 c5 5.Bxb4 cxb4 6.g3 O-O 7.Nbd2 d5 8.Bg2 Nc6
9.O-O a5 10.Re1 Qb6 11.c5 Qc7 12.e4 dxe4 13.Nxe4 Nxe4 14.Rxe4 Rd8 15.Rh4 h6
16.Qe2 Bd7 17.Rd1 Ne7 18.Ne5 Be8 19.Be4 Nf5 20.Bxf5 exf5 21.Qc2 f6 22.Nc4 Bf7
23.Ne3 Bg6 24.Nxf5 Kh8 25.Qe4 Qd7 26.Rf4 Bh7 27.Rf3 Rac8 28.Rdd3 Re8 29.Qf4 Re1+
30.Kg2 Rce8 31.Rde3 Bxf5 32.Qxf5 Qxd4 33.Rxe1 Rxe1 34.Qc8+ Kh7 35.Qf5+ Kg8
36.Rd3 Qe4+ 37.Qxe4 Rxe4 38.a3 Rc4 39.Rd8+ Kf7 40.axb4 Rxb4 41.Rb8 Kg6 42.Kf3 h5
43.Ke3 Kf5 44.Ra8 a4 45.Rb8 Rxb2 46.c6 Rb3+ 47.Kd4 bxc6 48.Ra8 a3 49.h3 Rf3
50.Ra5+ Ke6 51.Ke4 Rb3 52.Kd4 g5 53.Kc4 Rf3 54.h4 gxh4 55.gxh4 Rh3 56.Rxh5 Rf3
57.Ra5 Rxf2 58.h5 Rh2 59.h6 Rxh6 60.Rxa3 Ke5 61.Ra6 f5 62.Kd3 Kd5 63.Ke3 Rh4
64.Ra8 c5 65.Rf8 f4+ 66.Kf3 Kd4 67.Rd8+ Kc3 68.Ke4 c4 69.Rf8 Kb3 70.Rb8+ Kc2
71.Kd4 f3+ 72.Ke3 Rf4  0-1

[Event "TCh-AUT 1st Bundesliga 2007-8"]
[Site "Baden AUT"]
[Date "2007.12.02"]
[Round "3"]
[White "Markos,J"]
[Black "Rozentalis,E"]
[Result "1/2-1/2"]
[WhiteElo "2565"]
[BlackElo "2581"]

1.d4 Nf6 2.c4 e6 3.Nf3 Bb4+ 4.Bd2 c5 5.Bxb4 cxb4 6.g3 O-O 7.Bg2 d6 8.Qb3 a5
9.O-O Qe7 10.a3 Na6 11.axb4 Nxb4 12.Na3 e5 13.Nc2 Nxc2 14.Qxc2 Bg4 15.Ra3 Qc7
16.Re3 Bxf3 17.Bxf3 Rac8 18.dxe5 dxe5 19.Qf5 Rfe8 20.Rd1 b6 21.b3 Qe7 22.Bd5 g6
23.Qf3 Kg7 24.Rc3 e4 25.Qe3 Qe5 26.f4 exf3 27.Qxe5 f2+ 28.Kxf2 Rxe5 29.Bf3 h5
30.Re3 Rf5 31.Re7 a4 32.e4 Kf8  1/2-1/2

[Event "FSGM December"]
[Site "Budapest HUN"]
[Date "2007.12.02"]
[Round "2"]
[White "Paschall,W"]
[Black "Payen,Ar"]
[Result "1/2-1/2"]
[WhiteElo "2352"]
[BlackElo "2398"]

1.Nf3 Nf6 2.d4 e6 3.c4 Bb4+ 4.Bd2 a5 5.Nc3 b6 6.Bg5 Bb7 7.e3 a4 8.a3 Bxc3+
9.bxc3 Ra5 10.Bh4 d6 11.Nd2 g5 12.Bg3 h5 13.h4 g4 14.Qc2 Nbd7 15.e4 Qa8 16.f3 Rg8
17.Kf2 e5 18.Bd3 Qa7 19.Qb2 c5 20.dxe5 dxe5 21.Nf1 Kf8 22.Ne3 Rg6 23.Rhd1 Qa8
24.Nf5 Ne8 25.Bc2 Bc6 26.Qc1 gxf3 27.gxf3 Ng7 28.Qe3 Ra7 29.Rg1 Qe8 30.Rad1 Kg8
31.Bh2 Nf8 32.Rd6 Bd7 33.Nxg7 Kxg7 34.Rxb6 Qe7 35.Rg5 Rxg5 36.hxg5 Ng6 37.f4 exf4
38.Bxf4 Ne5 39.Bxe5+ Qxe5 40.Qg3 Qxg3+ 41.Kxg3 Be6 42.e5 Bxc4 43.Bd1 Rd7
44.Rd6 Rb7 45.Rc6 Rb1 46.Bxa4 Rg1+ 47.Kh2 Ra1 48.Rxc5 Be6 49.Bc6 Rxa3 50.Kg3 Kg6
51.Kf4 h4 52.Be4+ Kh5 53.Bf3+ Kg6 54.Be4+ Kh5 55.Rc6 Ra4 56.Rd6 Ra1 57.g6 Rf1+
58.Ke3 Re1+ 59.Kd4 Rd1+ 60.Kc5 Rc1 61.gxf7 Rxc3+ 62.Kd4 Rc4+ 63.Kd3 Bxf7
64.e6 Bxe6 65.Rxe6 Ra4 66.Ke3 h3 67.Re8 Kg5 68.Rg8+ Kf6 69.Rh8 Ra3+ 70.Bd3 Ra1
71.Rxh3 Ra3 72.Rh5 Rb3 73.Kd4 Ra3 74.Rh6+ Kg5 75.Rg6+ Kf4 76.Rf6+ Kg5 77.Rf8 Ra4+
78.Bc4 Rb4 79.Kc5 Ra4 80.Bd5 Ra1 81.Kd4 Ra4+ 82.Ke5 Ra6 83.Rb8 Rg6 84.Rb1 Rg7
85.Rg1+ Kh6 86.Rh1+ Kg5 87.Be6 Rg6 88.Bf5 Rg7 89.Rg1+ Kh6 90.Ra1 Kg5 91.Rh1 Re7+
92.Be6 Rg7 93.Rh8 Kg6 94.Bf5+ Kg5 95.Re8 Kh4 96.Kf6 Rg2 97.Re3 Rh2 98.Ke5 Rg2
99.Rh3+ Kg5 100.Rh8 Rg3 101.Rh1 Rg2 102.Be4 Rg3 103.Rh2 Rg1 104.Rh3 Kg4 105.Bf5+ Kg5
106.Ra3 Re1+ 107.Be4 Rg1 108.Ra8 Rg3 109.Rh8 Kg4 110.Rh1 Kg5 111.Ra1 Kg4
112.Ra6 Kg5 113.Bg2 Rxg2 114.Ra4  1/2-1/2

[Event "FSGM December"]
[Site "Budapest HUN"]
[Date "2007.12.05"]
[Round "5"]
[White "Paschall,W"]
[Black "Kosic,D"]
[Result "0-1"]
[WhiteElo "2352"]
[BlackElo "2482"]

1.d4 e6 2.Nf3 Nf6 3.c4 Bb4+ 4.Bd2 Bxd2+ 5.Qxd2 O-O 6.Nc3 d5 7.e3 Qe7 8.Rc1 Rd8
9.cxd5 exd5 10.Bd3 Nc6 11.O-O Bg4 12.Ne1 Ne4 13.Nxe4 dxe4 14.f3 exf3 15.Nxf3 Rd6
16.Rce1 Re8 17.Qf2 Bxf3 18.gxf3 Nb4 19.Bb1 Nd5 20.Be4 c6 21.Bxd5 cxd5 22.e4 dxe4
23.fxe4 Rg6+ 24.Kh1 Rg4 25.e5 Qe6 26.Rd1 Rd8 27.h3 Re4 28.Kh2 g6 29.b3 Rd5
30.Rd2 Qd7 31.Rfd1 a5 32.a4 h6 33.Kg2 g5 34.Qf6 Re3 35.Qxh6 Rexe5 36.Rf2 Rxd4
37.Rxd4 Qxd4 38.Qf6 Qd5+ 39.Kh2 Re1 40.Qf3 Qxf3 41.Rxf3 Re5 42.Rf6 b5 43.Kg3 Kg7
44.Rb6 bxa4 45.bxa4 f6  0-1

[Event "Parsvnath ch-Commonwealth"]
[Site "New Delhi IND"]
[Date "2007.12.06"]
[Round "6"]
[White "Kunte,A"]
[Black "Wohl,A"]
[Result "1/2-1/2"]
[WhiteElo "2547"]
[BlackElo "2415"]

1.d4 Nf6 2.c4 e6 3.Nf3 Bb4+ 4.Bd2 a5 5.g3 O-O 6.Bg2 Ne4 7.O-O Nxd2 8.Nbxd2 Be7
9.Qc2 d6 10.Rad1 Nd7 11.Ne4 f5 12.Nc3 Qe8 13.e4 f4 14.e5 dxe5 15.dxe5 Qh5
16.Ne2 g5 17.h3 Nc5 18.Rd4 Bd7 19.gxf4 gxf4 20.Nxf4 Qh6 21.Nd3 Bc6 22.Nh2 Kh8
23.Ng4 Qh4 24.Ne1 Rf5 25.Bxc6 bxc6 26.Kh2 Rh5 27.Qc3 Na4 28.Qb3 Rf8 29.Ng2 Qg5
30.Qg3 Nxb2 31.Nf4 c5 32.Re4 Qf5 33.Nxh5 Qxe4 34.Ngf6 Qg6 35.Qxg6 hxg6 36.Nf4 Rxf6
37.exf6 Bd6 38.Kg3 Nd3 39.Rb1 Kg8 40.Kg4 Nxf4 41.Rb5 Kf7 42.Rxa5 Nd3 43.a4 Ne5+
44.Kg5 Nxc4 45.Ra8 Be5 46.a5 Bxf6+ 47.Kf4 Nxa5 48.Rxa5 Bd4 49.f3 Kf6 50.Ke4 Ke7
51.Ra7 Kd6 52.Ra8 Ke7 53.Rg8 Kf6 54.Rc8 Be5 55.Rf8+ Ke7 56.Ra8 Bd6 57.Ra2 Kf6
58.Rg2 Bf8 59.Kd3 Kf5 60.Rg4 Bd6 61.Kc4 Kf6 62.Kb5 Kf5 63.Kc6 g5 64.Re4 Kf6
65.Kd7 Be5 66.Kc6 Bd6 67.Rg4 Kf5 68.Rc4 Kf6 69.Re4 Kf5 70.Kb5 Kf6 71.Kc4 Kf5
72.Kd3 Be5 73.Rg4 Bd6 74.Rc4 Be7 75.Rg4 Bd6 76.h4 gxh4 77.Rxh4 Be7 78.Ra4 Bd6
79.Ke3 Be5 80.Rh4 Bd6 81.f4 e5  1/2-1/2

[Event "ch-Marshall CC"]
[Site "New York USA"]
[Date "2007.12.09"]
[Round "5"]
[White "Bonin,J"]
[Black "Hess,Ro"]
[Result "1-0"]
[WhiteElo "2343"]
[BlackElo "2445"]

1.d4 Nf6 2.Nf3 e6 3.c4 Bb4+ 4.Bd2 Qe7 5.g3 Nc6 6.Bg2 Bxd2+ 7.Nbxd2 d6 8.Nf1 O-O
9.Ne3 e5 10.Nd5 Qd8 11.h3 Re8 12.O-O Nxd4 13.Nxd4 exd4 14.Qxd4 Rxe2 15.Ne3 Qe7
16.Rab1 Qe5 17.Qxe5 dxe5 18.Rfd1 Kf8 19.Kf1 Rxe3 20.fxe3 Ke7 21.g4 h6 22.b4 Rb8
23.a4 b6 24.c5 Bd7 25.b5 e4 26.Rbc1 c6 27.bxc6 Bxc6 28.cxb6 Rxb6 29.a5 Ra6
30.Ke1 Bb5 31.Rc5 Bd3 32.Re5+ Kd6 33.Rxe4 Nxe4 34.Bxe4 Rxa5 35.Rxd3+ Ke5
36.Bf3 Ra2 37.Rd7 Ra1+ 38.Kf2 Ke6 39.Rb7 a5 40.Be2  1-0

[Event "ch-Central Serbia"]
[Site "Vrnjacka Banja SRB"]
[Date "2007.12.13"]
[Round "6"]
[White "Abramovic,B"]
[Black "Biljanic,L"]
[Result "1-0"]
[WhiteElo "2508"]
[BlackElo "2291"]

1.d4 Nf6 2.c4 e6 3.Nf3 Bb4+ 4.Bd2 Be7 5.Nc3 b6 6.e4 d6 7.Bd3 Nbd7 8.h3 c6
9.O-O c5 10.d5 e5 11.Ne2 Nf8 12.Kh2 Ng6 13.g3 Nd7 14.a3 a5 15.Nfg1 h5 16.Bc3 h4
17.g4 Nf6 18.Qd2 Nh7 19.Nf3 f6 20.b4 Ng5 21.Neg1 Rh7 22.Rfb1 Nh8 23.Bc2 Nxf3+
24.Nxf3 g6 25.bxc5 bxc5 26.Ba4+ Kf8 27.Bc6 Ra7 28.Rb8 Kg7 29.Ne1 Nf7 30.Rab1 Qc7
31.Qd3 Nd8 32.R8b6 Rh8 33.Ng2 Ra6 34.Rxa6 Bxa6 35.Bd2  1-0

[Event "KNSB TCh-NED 2007-8"]
[Site "Netherlands NED"]
[Date "2007.12.15"]
[Round "5"]
[White "Kabatianski,A"]
[Black "Van den Doel,E"]
[Result "1-0"]
[WhiteElo "2427"]
[BlackElo "2593"]

1.d4 Nf6 2.c4 e6 3.Nf3 Bb4+ 4.Bd2 c5 5.Bxb4 cxb4 6.g3 O-O 7.Bg2 d6 8.O-O Nc6
9.a3 bxa3 10.Rxa3 e5 11.h3 Re8 12.e3 e4 13.Nfd2 h5 14.Nc3 Bf5 15.Qb1 Qe7
16.b4 b6 17.Nd5 Nxd5 18.cxd5 Nb8 19.Rc1 a6 20.Rac3 Ra7 21.Nxe4 g6 22.f3 Nd7
23.Rc7 Rxc7 24.Rxc7 Qf8 25.Qe1 Bxe4 26.fxe4 Nf6 27.Qe2 Qh6 28.Qf2 Kg7 29.Kf1 a5
30.bxa5 bxa5 31.Bf3 Kg8 32.Kg2 Nh7 33.e5 dxe5 34.dxe5 Rxe5 35.d6 Nf6 36.d7 Nxd7
37.Rxd7 Qg5 38.Bd5 Rf5 39.Bxf7+ Kf8 40.Qa2 Qxe3 41.Bxg6 Qf3+ 42.Kh2 h4 43.Bxf5 hxg3+
44.Kg1 Qxf5 45.Qd2 Ke8 46.Rd8+ Ke7 47.Qd6+  1-0

[Event "7th Amplico AIG Life"]
[Site "Warsaw POL"]
[Date "2007.12.15"]
[Round "3"]
[White "Lagowski,P"]
[Black "Moiseenko,A1"]
[Result "1/2-1/2"]
[WhiteElo "2341"]
[BlackElo "2646"]

1.d4 Nf6 2.Nf3 e6 3.c4 Bb4+ 4.Bd2 c5 5.g3 Qb6 6.Qb3 Nc6 7.Bxb4 Qxb4+ 8.Nbd2 b6
9.Bg2 Bb7 10.O-O Qxb3 11.Nxb3 Nxd4 12.Nfxd4 Bxg2 13.Kxg2 cxd4 14.Nxd4 Ke7
15.Rfd1 Rhc8 16.b3 a6 17.Rd2 Rc7 18.a4 d5 19.a5 Rb8 20.axb6 Rxb6 21.cxd5 Nxd5
22.Rda2 Nb4 23.Ra4 Rc3 24.f4 f6 25.Kf2 e5 26.Nf5+ Kf7 27.Nd6+ Kg6 28.Nc4 Rb5
29.fxe5 Rxb3 30.e6 Nc2 31.Rc1 Rf5+ 32.Kg2 Ne3+ 33.Nxe3 Rxe3 34.Rxa6 Rxe2+
35.Kg1 Rff2 36.e7 Kf7 37.e8=Q+ Kxe8 38.Rc7 Rg2+ 39.Kf1 Rgf2+ 40.Kg1  1/2-1/2

[Event "7th Amplico AIG Life"]
[Site "Warsaw POL"]
[Date "2007.12.15"]
[Round "4"]
[White "Leniart,A"]
[Black "Kogan,Ar"]
[Result "1-0"]
[WhiteElo "2329"]
[BlackElo "2590"]

1.d4 Nf6 2.c4 e6 3.Nf3 Bb4+ 4.Bd2 a5 5.a3 Bxd2+ 6.Qxd2 d6 7.Nc3 Nbd7 8.g3 e5
9.Bg2 O-O 10.dxe5 dxe5 11.O-O c6 12.Rad1 Re8 13.Ng5 Qe7 14.Qd6 Qxd6 15.Rxd6 a4
16.Rc1 Nb6 17.Nge4 Nxe4 18.Nxe4 f5 19.c5 Nd7 20.Bh3 Nf8 21.Nd2 Ra5 22.e4 g6
23.exf5 gxf5 24.Nf3 Rb5 25.Rc2 Ng6 26.Bf1 Ra5 27.h4 e4 28.Ng5 Ne5 29.f4 exf3
30.Rc3 Kg7 31.Rd4 f2+ 32.Kxf2 h6 33.Nf3 Ng4+ 34.Kg1 Be6 35.Bc4 Bxc4 36.Rcxc4 Rb5
37.Rb4 Re3 38.Rxb5 cxb5 39.Kg2 Re2+ 40.Kg1 Rxb2 41.Rd7+ Kf6 42.Rxb7 Ke6 43.Nd4+ Kd5
44.Rxb5 Ra2 45.Nxf5 Ke4 46.Rb4+ Kxf5 47.Rf4+ Ke5 48.Rxg4 Rxa3 49.c6 Rc3 50.Rxa4 Rxc6
51.Rf4 Rc2 52.Rf8 Ke4 53.Rf6 h5 54.Rf4+ Ke3 55.Rf5 Ra2 56.Rxh5 Kf3 57.Rg5 Rb2
58.h5 Rg2+ 59.Kh1 Ra2 60.Kg1 Rb2 61.Rg6 Rb5 62.h6 Rh5 63.g4 Rh4 64.g5 Kf4
65.Kf2 Rh2+ 66.Ke1 Kf5 67.Rg7 Rh3 68.h7  1-0

[Event "7th Amplico AIG Life"]
[Site "Warsaw POL"]
[Date "2007.12.15"]
[Round "4"]
[White "Lagowski,P"]
[Black "Socko,B"]
[Result "1/2-1/2"]
[WhiteElo "2341"]
[BlackElo "2646"]

1.d4 Nf6 2.c4 e6 3.Nf3 Bb4+ 4.Bd2 c5 5.g3 O-O 6.Bg2 Nc6 7.O-O Bxd2 8.Qxd2 d6
9.Nc3 Qe7 10.Rad1 Bd7 11.e4 e5 12.dxc5 dxc5 13.Nd5 Nxd5 14.exd5 Nd4 15.Nxd4 exd4
16.Qf4 Rae8 17.Rd2 g5 18.Qf3 f5 19.Qa3 f4 20.Rc1 b6 21.Bf1 Bg4 22.b4 fxg3
23.hxg3 Rf3 24.Qb2 Ref8 25.bxc5 bxc5 26.Bg2 R3f6 27.Qa3 Rb6 28.d6 Qxd6 29.Bd5+ Kh8
30.Qxa7 Bd7 31.Qa3 Re8 32.Kg2 Bf5 33.Qf3 Qe5 34.g4 Bg6 35.a4 Rf6 36.Qg3 Rf4
37.f3 Qe3 38.Qf2 Rf6 39.Qxe3 Rxe3 40.Ra1 Re7 41.a5 Ra7 42.Rb2 Rfa6 43.Rb5 Rc7
44.Bb7 Ra7 45.Bd5 Ra6 46.Kf2 Kg7 47.Bb7 Ra7 48.Bd5 Kf6 49.a6 Bf7 50.Rb6+ Kg7
51.Bb7 Bxc4 52.Rc1 Bd3 53.Rd6 Kf7 54.Rd5 Bxa6 55.Rcxc5  1/2-1/2

[Event "7th Amplico AIG Life"]
[Site "Warsaw POL"]
[Date "2007.12.15"]
[Round "8"]
[White "Banikas,H"]
[Black "Szymanski,M"]
[Result "1-0"]
[WhiteElo "2591"]
[BlackElo "2415"]

1.d4 Nf6 2.c4 e6 3.Nf3 Bb4+ 4.Bd2 c5 5.Bxb4 cxb4 6.g3 O-O 7.Bg2 d6 8.O-O Nc6
9.a3 bxa3 10.Rxa3 e5 11.h3 a5 12.Nc3 Qe7 13.e4 Bd7 14.Re1 exd4 15.Nxd4 Ne5
16.b3 d5 17.Ra1 dxc4 18.bxc4 Nxc4 19.e5 Ne8 20.Bxb7 Rb8 21.Bd5 Qc5 22.Rc1 Bxh3
23.Nc6 Rb2 24.Ne4 Qb6 25.Bxc4  1-0

[Event "7th Amplico AIG Life"]
[Site "Warsaw POL"]
[Date "2007.12.16"]
[Round "10"]
[White "Jakubowski,K"]
[Black "Rozentalis,E"]
[Result "1/2-1/2"]
[WhiteElo "2458"]
[BlackElo "2581"]

1.c4 e6 2.Nf3 Nf6 3.d4 Bb4+ 4.Bd2 c5 5.Bxb4 cxb4 6.g3 O-O 7.Bg2 d6 8.O-O Qe7
9.a3 bxa3 10.Rxa3 e5 11.Nc3 Bg4 12.Qd2 Nbd7 13.Rfa1 a6 14.e3 Rac8 15.b3 Rfe8
16.h3 Bxf3 17.Bxf3 Nf8 18.R3a2 h6 19.Bg2 Qc7 20.Rd1 Red8 21.Qb2 Ne6 22.Qa3 exd4
23.exd4 Qb6 24.Rad2 Re8 25.Kh2 Ng5 26.Rd3 Nge4 27.Nxe4 Nxe4 28.Rf3 Re6 29.Rf5 Rce8
30.b4 Qc7 31.c5 dxc5 32.dxc5 b6 33.cxb6 Qxb6 34.Qa5 Nf6 35.Rd2 Qd8  1/2-1/2

[Event "7th Amplico AIG Life"]
[Site "Warsaw POL"]
[Date "2007.12.16"]
[Round "12"]
[White "Alvarado,C"]
[Black "Szymanski,M"]
[Result "1/2-1/2"]
[WhiteElo "2194"]
[BlackElo "2415"]

1.d4 Nf6 2.Nf3 e6 3.c4 Bb4+ 4.Bd2 c5 5.Bxb4 cxb4 6.Nbd2 O-O 7.e3 d6 8.Bd3 Nc6
9.O-O e5 10.Qc2 Bg4 11.d5 Bxf3 12.Nxf3 Nb8 13.a3 Na6 14.Nd2 Qb6 15.Bf5 g6
16.Bh3 Ne8 17.Bd7 Nec7 18.e4 Rad8 19.Bh3 Nc5 20.Kh1 a5 21.Rae1 Ne8 22.Re3 Ng7
23.Rf3 f6 24.Re1 Rf7 25.Nf1 Rdf8 26.Ng3 Kh8 27.Qd2 bxa3 28.Rxa3 f5 29.f3 a4
30.Qc3 Qd8 31.exf5 gxf5 32.f4 e4 33.Ne2 Nd3 34.Rf1 Qb6 35.Nd4 Qxb2 36.Qxb2 Nxb2
37.Rc1 Nd3 38.Rf1 Nc5 39.g3 Ne8 40.Rb1 Ng7 41.Kg1 Ra8 42.Kf2 h6 43.Ke3 Kh7
44.Nb5 Ra6 45.Bf1 Kg6 46.Be2 Ne8 47.Bd1 Nc7 48.Nd4 b5 49.Nxb5 Nxb5 50.Rxb5 Kf6
51.Bc2 Rc7 52.Kd4 Re7 53.Ke3 h5 54.Rb8 Kg7 55.Bd1 Kg6 56.Rg8+ Kh6 57.Rg5 Rb7
58.Rxf5 Rb1 59.Rxh5+ Kg6 60.Rg5+ Kf6 61.Bc2 Rc1 62.Kd2 Rg1 63.Rh5 Rg2+ 64.Kc3 e3
65.Rh6+ Kg7 66.Rh7+ Kf6 67.Rh6+ Kg7 68.Rh7+ Kf6 69.Rh6+ Kg7 70.Rh7+ Kf6 71.Rh6+ Kg7
72.Re6 Nxe6 73.dxe6 e2  1/2-1/2

[Event "VI Memorial Pereyra"]
[Site "Mendoza ARG"]
[Date "2007.12.18"]
[Round "5"]
[White "Di Benedetto,G"]
[Black "Liascovich,L"]
[Result "1/2-1/2"]
[WhiteElo "2312"]
[BlackElo "2430"]

1.d4 Nf6 2.c4 e6 3.Nf3 Bb4+ 4.Bd2 Qe7 5.g3 Bxd2+ 6.Nbxd2 d6 7.Bg2 Nc6 8.O-O O-O
9.e4 e5 10.d5 Nb8 11.Ne1 a5 12.Nd3 Na6 13.a3 Nd7 14.b4 c6 15.f4 cxd5 16.cxd5 axb4
17.axb4 Qd8 18.Kh1 b5 19.Nf3 f6 20.Ra5 Rb8 21.Qa1  1/2-1/2

[Event "XX Carlos Torre Wimbledon"]
[Site "Merida MEX"]
[Date "2007.12.19"]
[Round "1.1"]
[White "Tregubov,P"]
[Black "Meier,Geo"]
[Result "1-0"]
[WhiteElo "2609"]
[BlackElo "2558"]

1.d4 e6 2.Nf3 Nf6 3.c4 Bb4+ 4.Bd2 c5 5.Bxb4 cxb4 6.e3 O-O 7.Be2 b6 8.O-O Bb7
9.a3 bxa3 10.b4 Qe7 11.b5 d5 12.Nxa3 Nbd7 13.cxd5 Nxd5 14.Qb3 a5 15.bxa6 Bxa6
16.Bxa6 Rxa6 17.Nc4 Raa8 18.g3 h6 19.Nfd2 Rfb8 20.e4 N5f6 21.Ne3 Qd8 22.e5 Ne8
23.Ne4 Rxa1 24.Rxa1 Ra8 25.Rd1 Qc8 26.f4 Qb7 27.d5 Nf8 28.f5 exd5 29.Nxd5 Ra5
30.Nec3 Kh8 31.Rb1 Qd7 32.Qb4 Nh7 33.Nxb6 Qa7 34.Qd4 Ng5 35.Kf2 f6 36.Qd7 Ra2+
37.Ke3 Qa3 38.Qxe8+ Kh7 39.Qg6+ Kh8 40.Qe8+ Kh7 41.Nd5 Qa7+  1-0

[Event "XX Carlos Torre Wimbledon"]
[Site "Merida MEX"]
[Date "2007.12.19"]
[Round "1.5"]
[White "Tregubov,P"]
[Black "Meier,Geo"]
[Result "0-1"]
[WhiteElo "2609"]
[BlackElo "2558"]

1.d4 e6 2.Nf3 Nf6 3.c4 Bb4+ 4.Bd2 Bxd2+ 5.Qxd2 d6 6.Nc3 O-O 7.g3 Nc6 8.Rd1 a6
9.Bg2 Rb8 10.O-O b5 11.cxb5 axb5 12.Rfe1 b4 13.Na4 Bd7 14.b3 Ne7 15.e4 Bxa4
16.bxa4 d5 17.exd5 Nfxd5 18.Ne5 Ra8 19.Qc2 Qe8 20.Be4 h6 21.Rd2 Qxa4 22.Qc5 Ra5
23.Qc4 Qb5 24.Rc1 Qxc4 25.Rxc4 Rfa8 26.Nc6 Nxc6 27.Rxc6 R8a7 28.Bxd5 Rxd5
29.Rdc2 Rd7 30.R6c4 Ra4 31.Rb2 Kf8 32.Rcxb4 Rxd4 33.Rxd4 Rxd4 34.Rb7 Rc4
35.a4 Ke7 36.a5 Kd6 37.a6 Ra4 38.a7 g5 39.Rb8 Rxa7 40.Rh8 c5 41.Rxh6 c4 42.Kf1 Ra5
43.h4 gxh4 44.gxh4 Kd5 45.Rh5+ e5 46.f4 Ke4 47.fxe5 c3 48.Ke2  0-1

[Event "Open A"]
[Site "Zadar CRO"]
[Date "2007.12.19"]
[Round "5"]
[White "Jovanic,O"]
[Black "Zelcic,R"]
[Result "0-1"]
[WhiteElo "2492"]
[BlackElo "2578"]

1.d4 Nf6 2.c4 e6 3.Nf3 Bb4+ 4.Bd2 Qe7 5.g3 Nc6 6.Nc3 O-O 7.Bg2 Na5 8.b3 b6
9.O-O Bb7 10.Qc2 Rac8 11.Bg5 h6 12.Bxf6 Qxf6 13.Qd3 Bxc3 14.Qxc3 c5 15.Rfd1 d5
16.Ne5 Rfd8 17.cxd5 Bxd5 18.Qe3 Bxg2 19.Kxg2 Rd5 20.Nf3 Rcd8 21.Rac1 Nc6
22.b4 cxd4 23.Qa3 e5 24.Qa4 b5 25.Qa6 Nxb4 26.Qxa7 e4 27.Ne1 Rf5 28.f3 Nd5
29.Rd2 Qg5 30.Qa5 Ne3+ 31.Kh1 Nc4 32.f4 Qf6  0-1